00458nam a2200145 i 450000100060000000300090000600500170001500700030003200800410003511000480007624501030012426000310022730000210025885200330027920492ES-MaACL20230906152319.0t|021113s1923 fr ||||1| fre d2 aAcadémie de Droit International (La Haye)10aSeance solemelle d'inaguration b: 14 juillet 1923 / cAcadémie de Droit International. La Haye. aParís : bChaix, c1923. a20 p. ; c24 cm. aES-MaACLj1672-F-11 bR.4378